000 00923nam a2200265 i 4500
001 70550
003 Mx-PuUPA
005 20230905114105.0
008 230905s2022 mx a|||gr|||| 00| 0 spa d
020 _a9786078670109
040 _aMx-PuUPA
_bspa
_cMx-PuUPA
_dMx-PuUPA
_erda
041 0 _aspa
100 1 _aDuintino Zepeda, Artemio,
_914772
_eautor
245 1 0 _aHistoria de la arquitectura /
_cArtemio Quintino Zepeda
264 1 _aCiudad de México :
_bEditorial Arquinza,
_c©2022
300 _a143 páginas :
_bilustraciones (en blanco y negro) ;
_c22 cm
336 _2rdacontent
_atexto
_btxt
337 _2rdamedia
_asin medio
_bn
338 _2rdacarrier
_avolumen
_bnc
650 7 _2armarc
_aArquitectura
_xHistoria
942 _2ddc
_cLI
_h720.9
_iD873
999 _c70550
_d70550